History - Cross, Historiography, and Miscellaneous | 2 | 3 | 0 | 0 | 60 | 42 | 69.40 | 0 | 0 |
RMP - World Mythology | 2 | 3 | 0 | 0 | 60 | 33 | 87.20 | 0 | 1 |
History - American | 2 | 2 | 0 | 0 | 50 | 53 | 73.50 | 0 | 1 |
History - European | 0 | 4 | 0 | 0 | 40 | 64 | 87.50 | 0 | 0 |
RMP - Greco-Roman Mythology | 2 | 1 | 0 | 0 | 40 | 50 | 61.67 | 1 | 1 |
History - World | 1 | 1 | 0 | 0 | 25 | 42 | 58.50 | 0 | 1 |
Current Events - World | 1 | 1 | 0 | 0 | 25 | 54 | 97.00 | 0 | 1 |
Other - Other Academic and General Knowledge | 0 | 2 | 0 | 0 | 20 | 95 | 95.50 | 0 | 1 |
RMP - Hebrew Bible | 1 | 0 | 0 | 0 | 15 | 73 | 73.00 | 0 | 0 |
Social Science - Psychology | 0 | 1 | 0 | 0 | 10 | 76 | 76.00 | 0 | 0 |
Fine Arts - Painting | 0 | 1 | 0 | 0 | 10 | 110 | 110.00 | 0 | 0 |
Geography - Europe | 0 | 1 | 0 | 0 | 10 | 105 | 105.00 | 0 | 0 |
RMP - Christian Practice | 0 | 1 | 0 | 0 | 10 | 73 | 73.00 | 0 | 0 |
Science - Engineering and Miscellaneous | 0 | 1 | 0 | 0 | 10 | 96 | 96.00 | 0 | 0 |
Literature - British | 0 | 0 | 0 | 0 | 0 | | 0.00 | 0 | 0 |
RMP - Hinduism | 0 | 0 | 0 | 0 | 0 | | 0.00 | 0 | 0 |
RMP - Philosophy | 0 | 0 | 0 | 0 | 0 | | 0.00 | 0 | 0 |
Fine Arts - Architecture | 0 | 0 | 0 | 0 | 0 | | 0.00 | 0 | 0 |
Current Events - U.S. | 0 | 0 | 0 | 0 | 0 | | 0.00 | 0 | 0 |
Social Science - Other | 0 | 0 | 0 | 0 | 0 | | 0.00 | 0 | 0 |
RMP - East Asian Religion | 0 | 0 | 0 | 0 | 0 | | 0.00 | 0 | 0 |